Manual de procedimientos. Enfermedades de las abejas Trámites en apicultura /

Guardado en:
Autor Principal: de la Sota, Marcelo.
Autor Corporativo: Argentina. Servicio Nacional de Sanidad y Calidad Agroalimentaria. Dirección Nacional de Sanidad Animal.
Otros Autores: Bacci, Mariano.
Formato: Electrónico
Idioma:Spanish
Publicado: Buenos Aires : Dirección Nacional de Sanidad Animal, 2005.
Materias:
Acceso en línea:Acceso a texto completo
Etiquetas: Agregar Etiqueta
Sin Etiquetas, Sea el primero en etiquetar este registro!
LEADER 00895nmm a22001695a 4500
001 EEA.libagro010907
008 171103s2005####ag#########m########spa#d
005 20200423140232.0
245 1 0 |a Manual de procedimientos. Enfermedades de las abejas  |h [recurso electrónico] :  |b Trámites en apicultura /  |c Marcelo de la Sota, Mariano Bacci. 
260 |a Buenos Aires :  |b Dirección Nacional de Sanidad Animal,  |c 2005. 
500 |a Título tomado de senasa.gov.ar (visto el 3 de noviembre de 2017). 
538 |a Modo de acceso: World Wide Web. 
100 1 |a de la Sota, Marcelo. 
700 1 |a Bacci, Mariano. 
710 2 |a Argentina.  |b Servicio Nacional de Sanidad y Calidad Agroalimentaria.  |b Dirección Nacional de Sanidad Animal. 
655 7 |a Libros electrónicos. 
856 4 0 |3 Acceso a texto completo  |u http://www.intranet.senasa.gov.ar/intranet/imagenes/archivos/dnsa/manuales%5Fde%5Fprocedimiento/19%20Enf%20Abejas.pdf